MARC

LEADER 00000nas a2200000 a 4500
001 ssj0003782
003 WaSeSS
005 20200512172242.0
006 m d
007 cr n
008 751027d19702016vraqr p s 0 a0eng
010 |a  2017207429 
022 |a 1839-471X  |y 0004-8623 
035 |a (WaSeSS)ssj0003782 
040 |a Nz  |b eng  |e pn  |c UX1  |d OCLCE  |d OCLCF  |d OCLCO  |d OCLCQ  |d OCLCO  |d VT2  |d OCLCQ  |d DLC  |d OCLCQ  |d LND  |d OUN  |d CUS  |d UMC  |d UOK  |d OCLCQ  |d WaSeSS 
042 |a dlr  |a pcc 
043 |a u-at--- 
050 0 0 |a Z675.U5 
082 0 4 |a 027.7/0994 
130 0 |a Australian academic and research libraries (Online) 
245 1 0 |a Australian academic and research libraries  |h [electronic resource] :  |b AARL. 
246 3 0 |a AARL 
246 3 0 |a Australian academic & research libraries 
260 |a Bundoora, Vic., Australia :  |b University & College Libraries Section of the Library Association of Australia,  |c 1970-[2016] 
310 |a Quarterly 
362 0 |a Vol. 1, issue 1 (1970)-v. 47, no. 4 (2016). 
506 |a License restrictions may limit access. 
538 |a Master and use copy. Digital master created according to Benchmark for Faithful Digital Reproductions of Monographs and Serials, Version 1. Digital Library Federation, December 2002.  |u http://purl.oclc.org/DLF/benchrepro0212  |5 MiAaHDL 
550 |a Official organ of the University & College Libraries Section of the Library Association of Australia. 
580 |a Merged with: The Australian library journal; to form: Journal of the Australian Library and Information Association. 
583 1 |a digitized  |c 2010  |h HathiTrust Digital Library  |l committed to preserve  |2 pda  |5 MiAaHDL 
588 0 |a Print version record. 
588 1 |a Vol. 47, issue 4 (2016) (Taylor & Francis Online, viewed May 10, 2017). 
650 0 |a Academic libraries  |z Australia  |v Periodicals. 
650 0 |a Research libraries  |z Australia  |v Periodicals. 
650 6 |a Bibliothèques universitaires  |z Australie  |v Périodiques. 
650 6 |a Bibliothèques de recherche  |z Australie  |v Périodiques. 
650 7 |a Academic libraries.  |2 fast  |0 (OCoLC)fst00794997 
650 7 |a Research libraries.  |2 fast  |0 (OCoLC)fst01095327 
651 7 |a Australia.  |2 fast  |0 (OCoLC)fst01204543 
655 0 |a Electronic journals. 
710 2 |a Library Association of Australia.  |b University and College Libraries Section. 
776 0 8 |i Print version:  |t Australian academic and research libraries  |x 0004-8623  |w (DLC) 71016626  |w (OCoLC)1738582 
785 0 7 |t Australian library journal  |x 2201-4276  |w (DLC)sn2006001079  |w (OCoLC)60615702 
785 0 7 |t Journal of the Australian Library and Information Association  |x 2475-0166  |w (DLC) 2016209630  |w (OCoLC)962764997 
850 |a DLC 
856 4 0 |z Full text available from Research Library: 03/01/2010 to 12/31/2014  |u https://search.proquest.com/publication/75973